| 000 | 00591nam a22001697a 4500 | ||
|---|---|---|---|
| 003 | MACL | ||
| 005 | 20160719155641.0 | ||
| 008 | 160719b xxu||||| |||| 00| 0 eng d | ||
| 040 | _cMACL | ||
| 041 | _aHindi | ||
| 082 | _a294 | ||
| 100 |
_aशर्मा, वीरेन्द्र _964762 |
||
| 245 |
_aपौराणिक शब्दगाथा कोश _cवीरेन्द्र शर्मा |
||
| 260 |
_aनई दिल्ली _bभारतीय पुस्तक परिषद़ _c2016 |
||
| 650 |
_aधर्म _964763 |
||
| 942 |
_2ddc _cHIN |
||
| 999 |
_c54496 _d54496 |
||